The dictionary of gene technology : Genomics, transcriptomics, proteomics

Gorde:
Xehetasun bibliografikoak
Egile nagusia: Kahl, Gunter
Formatua: Liburua
Hizkuntza:Undetermined
Argitaratua: Germany Wiley-VCH 2004
Gaiak:
Etiketak: Etiketa erantsi
Etiketarik gabe, Izan zaitez lehena erregistro honi etiketa jartzen!
Thư viện lưu trữ: Trung tâm Học liệu Trường Đại học Cần Thơ
LEADER 00563nam a2200205Ia 4500
001 CTU_94729
008 210402s9999 xx 000 0 und d
020 |c 223.10 
082 |a 572.8 
082 |b K12 
100 |a Kahl, Gunter 
245 4 |a The dictionary of gene technology : 
245 0 |b Genomics, transcriptomics, proteomics 
245 0 |c Gunter Kahl 
260 |a Germany 
260 |b Wiley-VCH 
260 |c 2004 
650 |a Molecular biology,Genomics,Proteomics 
904 |i Tuyến 
980 |a Trung tâm Học liệu Trường Đại học Cần Thơ